Carne e sangue /

সংরক্ষণ করুন:
গ্রন্থ-পঞ্জীর বিবরন
প্রধান লেখক: Cunningham, Michael, (1952- ) (লেখক)
অন্যান্য লেখক: Capriolo, Ettore, (1926-2013)
বিন্যাস: গ্রন্থ
ভাষা:ইতালিয়
প্রকাশিত: [Milano] : Tascabili Bompiani, 2005
সংস্করন:4. ed
মালা:Tascabili Bompiani ; 793
ট্যাগগুলো: ট্যাগ যুক্ত করুন
কোনো ট্যাগ নেই, প্রথমজন হিসাবে ট্যাগ করুন!

MARC

LEADER 00000nam a22000007i 4500
001 IT\ICCU\UM1\0088470
003 ItRI
005 20250813230743.0
008 061027s2005 it |||||| ||||| |||||c
020 |a 8845251578 
040 |b ita  |c ct 
041 7 |a ita  |2 ISO-639-2 
100 1 |a Cunningham, Michael,  |d  (1952- )  |0 IT\ICCU\RAVV\057062  |4 aut 
240 1 0 |a Flesh and blood  |9 Cunningham, Michael <1952- > 
245 1 0 |a Carne e sangue /  |c Michael Cunningham ; traduzione di Ettore Capriolo. 
250 |a 4. ed 
260 |a [Milano] :  |b Tascabili Bompiani,  |c 2005 
300 |a 394 p. ;  |c 20 cm. 
700 1 |a Capriolo, Ettore,  |d  (1926-2013)  |0 IT\ICCU\CFIV\014193 
830 0 |a Tascabili Bompiani ;  |v 793  |0 IT\ICCU\CFI\0000031 
942 |2 ddc  |c BK 
952 |0 0  |1 0  |2 ddc  |4 0  |6 B_LNR02CUNMICARN11  |7 0  |9 5253  |a MI  |b MI  |d 2005-08-06  |i 4931  |l 0  |o B-LNR02-CUNMI-CARN11  |p CDOM4931  |r 2025-07-13 16:27:55  |w 2025-07-13  |x ACQUISTO  |y BK 
981 1 |6 z01  |a i   |b xxxe  
982 1 |6 z01  |a n 
999 |c 4192  |d 4192